Webster's new twentieth century dictionary of the English language (Record no. 2901)
[ view plain ]
| 000 -BAŞLIK | |
|---|---|
| Sabit Uzunlukta Kontrol Alanı | 00830na a2200217 4500 |
| 001 - KONTROL NUMARASI | |
| Denetim Alanı | 14462 |
| 003 - KONTROL NUMARASI IDENTIFIER | |
| Denetim Alanı | MIRAKIL |
| 005 - SON İŞLEM TARİHİ VE ZAMANI | |
| Denetim Alanı | 20181213154913.0 |
| 008 - SABİT-BOY VERİ ELEMANLARI - GENEL BİLGİLER | |
| Sabit Uzunlukta Kontrol Alanı | 160828b tu 000 0 |
| 040 ## - KATALOGLAMA KAYNAK | |
| Orijinal Kataloglama Ajansı | Milas |
| Kataloglama Dili | tur |
| Metne Dönüştürmek Ajansı | TR-AnCHP |
| 082 ## - DEWEY ONLU SINIFLANDIRMA NUMARASI | |
| Sınıflandırma Numarası | DAN 423 |
| Ürün Numarası | W31 1959 |
| 090 ## - SINIFLAMA NUMARASI | |
| Sınıflama Numarası | DAN 423 W31 1959 |
| 245 ## - BAŞLIK TABLOSU | |
| Başlık | Webster's new twentieth century dictionary of the English language |
| Başlığın Kalan | unabridged |
| -- | based upon the broad foundations laid down by Noah Webster |
| 250 ## - EDITION TABLOSU | |
| Baskı Beyanı | 2d ed. |
| Baskı İfadesinin Kalan | by the publisher's editorial staff under the general supervision of Jean L. McKechnie |
| 260 ## - YAYIN, DAĞITIM, VB | |
| Yayın, Dağıtım, Vb Yeri | [Cleveland] |
| -- | New york |
| Yayıncı, Dağıtıcı, Vs Adı | The World Publishing Company |
| Yayın, Dağıtım, Vb Tarihi | 1959 |
| 300 ## - FİZİKSEL TANIM | |
| Kapsam | xiv, 2129, 160 s. |
| Diğer Fiziksel Ayrıntıları | rnkl. res.; tbl.; grf.; hrt. |
| Boyutlar | 32 sm. |
| 650 ## - KONU KATMA GİRİŞ - TOPİKAL DÖNEM | |
| Topikal Süreli Veya Coğrafi Ad Giriş Elemanı | İngiliz dili |
| Genel Alt Bölümü | Sözlükler |
| 700 ## - KATMA GİRİŞ - KİŞİSEL İSİM | |
| Kişisel Ad | McKechnie, Jean |
| 700 ## - KATMA GİRİŞ - KİŞİSEL İSİM | |
| Kişisel Ad | Webster, Noah |
| Bir Adıyla İlişkilendirilen Tarihler | 1758-1843 |
| 942 ## - EKLENDİ GİRİŞ ELEMANLARI (KOHA) | |
| Sınıflandırma Veya Raf Düzeni Kaynak | |
| Koha Öğesi Türü | Books |
| 999 ## - SİSTEM KONTROL NUMARALARI (KOHA) | |
| Koha Biblionumber | 2901 |
| Koha Biblioitemnumber | 2901 |
| Kalıcı Konum | Mevcut Konum | Edinme Tarihi | Edinim Kaynak | Toplam Check-Out'Lar | Tam Çağrı Numarası | Barkod | Tarih Son Görülme | İtibaren Geçerli Fiyatlar | Koha Öğesi Türü |
|---|---|---|---|---|---|---|---|---|---|
| CHP Kütüphanesi | CHP Kütüphanesi | 08/28/2016 | Bağış | DAN 423 W31 1959 | 002455 | 08/28/2016 | 08/28/2016 | Books |
